Pojištění vkladů a morální hazard
Problém morálneho hazardu spojeného s poistením vkladov. Všeobecné princípy poistenia vkladov. Model poistenia vkladov a prijímanie rizika (zahŕňa len kontrakty trvajúce jedno obdobie). Poistenie vkladov zahŕňa morálny hazard zo strany 3 rozdielnych skupín ekonomických činiteľov: 1. vlastníci banky,...
Na minha lista:
| Autor principal: | |
|---|---|
| Formato: | Capítulo de Livro |
| Idioma: | tcheco |
| Assuntos: | |
| Tags: |
Sem tags, seja o primeiro a adicionar uma tag!
|
MARC
| LEADER | 00000naa a2200000 4500 | ||
|---|---|---|---|
| 001 | r017204 | ||
| 005 | 20221205090247.7 | ||
| 041 | 0 | |a cze | |
| 044 | |a CZ | ||
| 245 | 1 | 0 | |a Pojištění vkladů a morální hazard |c Karel Janda |
| 520 | |a Problém morálneho hazardu spojeného s poistením vkladov. Všeobecné princípy poistenia vkladov. Model poistenia vkladov a prijímanie rizika (zahŕňa len kontrakty trvajúce jedno obdobie). Poistenie vkladov zahŕňa morálny hazard zo strany 3 rozdielnych skupín ekonomických činiteľov: 1. vlastníci banky, 2. vkladatelia, 3. aktivita politikov a štátnych zamestnancov. | ||
| 610 | 2 | 0 | |a poistenie |
| 610 | 2 | 0 | |a hazard morálny |
| 610 | 2 | 0 | |a vklady |
| 610 | 2 | 0 | |a banky obchodné |
| 610 | 2 | 0 | |a riziko |
| 610 | 2 | 0 | |a investície |
| 610 | 2 | 0 | |a modely |
| 100 | 1 | |a Janda, Karel | |